<The> Economic Impact of Consumer Purchases in Fast Fashion Stores

V posledných rokoch sa móda stala novým trendom. Rýchla móda zmenila spôsob ako sú spotrebitelia oblečení a premýšlajú o móde. Oblečenie sa stalo lacnejším a nakupovanie sa stalo formou zábavy. Identifikácia ekonomického dopadu nákupov spotrebiteľov v rýchlych módnych obchodoch.

Saved in:
Bibliographic Details
Main Author: Knošková, Ľubica, 1965-
Other Authors: Garasová, Petra, 1993-
Format: Book Chapter
Language:English
Subjects:
Tags: Add Tag
No Tags, Be the first to tag this record!

MARC

LEADER 00000naa a2200000 4500
001 0258526
005 20240502074106.8
041 0 |a eng 
044 |a SK 
245 1 0 |a <The> Economic Impact of Consumer Purchases in Fast Fashion Stores  |c Ľubica Knošková, Petra Garasová 
520 |a V posledných rokoch sa móda stala novým trendom. Rýchla móda zmenila spôsob ako sú spotrebitelia oblečení a premýšlajú o móde. Oblečenie sa stalo lacnejším a nakupovanie sa stalo formou zábavy. Identifikácia ekonomického dopadu nákupov spotrebiteľov v rýchlych módnych obchodoch. 
610 2 0 |a spotrebitelia 
610 2 0 |a odevy 
610 2 0 |a nákup 
610 2 0 |a tovar značkový 
610 2 0 |a domy obchodné 
100 1 |a Knošková, Ľubica, 1965- 
700 1 |a Garasová, Petra, 1993-